| 000 | 01317nam a2200241Ia 4500 | ||
|---|---|---|---|
| 008 | 0000002004 sp ad 0000000000mul00 | ||
| 020 | _a8445337556 | ||
| 090 | _aPSP00 B65c | ||
| 100 | 1 | _aBonet Correa, Antonio | |
| 245 | 1 | 0 |
_aCaruncho _c/ textos Antonio Bonet Correa, José Jiménez ; traducción Suso Riveiro ...[et al.] |
| 300 |
_a125 p. _c/ 24 cm. |
||
| 500 | _aExposición realizada en Centro Gallego de Arte Contemporánea, Santiago de Compostela, marzo 11 a mayo 30 de 2004 \ Incluye cronologia del artista \ Texto en gallego, español e Inglés \ Registro auspiciado por la FGAA. Bogotá | ||
| 501 | _aA Xeometría sensible de Luis María Caruncho = La geometria sensible de Luis María Caruncho = The sensitive geometry of Luis María Caruncho / Antonio Bonet Correa O principio triángulo = El principio triángulo = The triangle principle / José Jiménez | ||
| 600 | 0 | 0 |
_aCARUNCHO AMAT, LUIS MARIA, 1929/ _xTRABAJOS PICTORICOS |
| 650 | 1 | 4 | _aARTE CONTEMPORANEO ESPAÑOL |
| 650 | 1 | 4 | _aARTISTAS PLASTICOS ESPAÑOLES EXPOSIONES |
| 650 | 1 | 4 | _xCATALOGOS |
| 650 | 1 | 4 | _xEXPOSICIONES |
| 650 | 1 | 4 | _aPINTORES ESPAÑOLES |
| 650 | 1 | 4 | _aPINTURA ESPAÑOLA |
| 700 | 1 | _aJiménez, José \ Riveiro, Suso | |
| 999 |
_c10778 _d10778 |
||
| 260 |
_aSantiago de Compostela : Centro Galego de Arte Contemporánea _c2004 |
||